| 000 | 01271cgm a22003853a 4500 | ||
|---|---|---|---|
| 001 | 12700175 | ||
| 003 | OSt | ||
| 005 | 20140310184453.0 | ||
| 007 | m| ||||f|||||||||------ | ||
| 008 | 020311s2001 xx --- | || mleng|| | ||
| 010 | _a 2002637960 | ||
| 017 |
_aPA1-063-646 _bU.S. Copyright Office |
||
| 020 | _a059035342 | ||
| 040 |
_aDLC _cDLC _eamim |
||
| 050 | 0 | 0 |
_aPZ 7 _b.R884 1999 |
| 100 |
_aRowling, J. K. _917401 |
||
| 245 | 0 | 0 |
_aHarry Potter and the sorcerer's stone / _cJ. K. Rowling |
| 246 | 1 |
_iAdditional title: _aHarry Potter and the philosopher's stone |
|
| 260 |
_c1999. _bScholastic Inc., _aNew York, NY : |
||
| 300 |
_a312 p. : _c17 cm. |
||
| 521 | _aG6 | ||
| 526 | _c880 | ||
| 650 |
_aEngland _x Juvenile fiction. _928840 |
||
| 650 |
_aHogwarts school of witchcraft and wizardry (Imaginary place) _xJuvenile fiction. _928841 |
||
| 650 |
_aMagic _xJuvenile fiction. _928842 |
||
| 650 |
_aSchools _xJuvenile fiction. _928843 |
||
| 651 |
_aWizards -- _xJuvenile fiction. _928844 |
||
| 655 | 7 |
_aFeature. _2migfg _93703 |
|
| 710 | 2 |
_aCopyright Collection (Library of Congress) _5DLC _93704 |
|
| 906 |
_a0 _bcbc _corignew _du _encip _f20 _gy-movingim |
||
| 942 |
_2lcc _cBK-SCHOLAS |
||
| 999 |
_c34613 _d34613 |
||